| 000 | 00676nam a2200229 i 4500 | ||
|---|---|---|---|
| 003 | DO-SdBNP | ||
| 005 | 20240307073949.0 | ||
| 006 | a||||fr|||| 00| 0 | ||
| 007 | ta | ||
| 008 | 230809e190? dr ||||| |||| 00| 0 spa d | ||
| 040 |
_aDO-SdBNP _bspa _cBNPHU _erda |
||
| 082 | 4 |
_222 _bU588p |
|
| 110 | 1 |
_aUniversidad Autónoma de Santo Domingo _eautor _972951 |
|
| 245 | 1 | 0 | _aPlan de estudios del colegio universitario. / |
| 264 |
_aSanto Domingo : _bUASD, _c[190?] |
||
| 300 |
_a67 páginas ; _c19 cm. |
||
| 336 |
_2rdacontent _atexto _btxt |
||
| 337 |
_2rdamedia _asin mediación _bn |
||
| 338 |
_2rdacarrier _avolumen _bnc |
||
| 590 | _aInventariado 2023 / MF | ||
| 942 |
_2ddc _cLBS1 |
||
| 999 |
_c54358 _d54358 |
||